书目信息 |
| 题名: |
会计管理学
|
|
| 作者: | 孔祥桢 主编 | |
| 分册: | ||
| 出版信息: | 武汉 武汉大学出版社 1986 |
|
| 页数: | 607页 | |
| 开本: | 20cm | |
| 丛书名: | ||
| 单 册: | ||
| 中图分类: | F230-43 | |
| 科图分类: | 29.82 | |
| 主题词: | 管理经济学--高等学校--会计--教材 | |
| 电子资源: | ||
| ISBN: | 7-307-00035-0 | |
| 000 | 01047mam0 2200373 450 | |
| 001 | CAL 012000533760 | |
| 005 | 20071011141804.0 | |
| 010 | @a7-307-00035-0@dCNY3.35 | |
| 011 | @a7-307-00035-0 | |
| 091 | @a4279.25@dCNY3.35 | |
| 099 | @aCAL 012000533760@aCAL 012000714098 | |
| 100 | @a19901115d1986 fkmy0chiy0121 ea | |
| 101 | 0 | @achi |
| 102 | @aCN@b420000 | |
| 105 | @aak z 000yy | |
| 106 | @ar | |
| 200 | 1 | @a会计管理学@9Hui;Kuai Ji Guan Li Xue @f孔祥祯主编@Akuai ji guan li xue |
| 210 | @a武汉@c武汉大学出版社@d1986 | |
| 215 | @a607页@c图@d20cm | |
| 300 | @a高等学校文科教材 | |
| 606 | 0 | @a管理经济学@x高等学校@x会计@j教材 |
| 690 | @aF230-43@v3 | |
| 692 | @a29.82 | |
| 701 | 0 | @a孔祥桢@AKong Xiangzhen@c(会计)@4主编@3CAL n2004476050#@7jt0yjt0y@7ec0yec0y |
| 801 | 0 | @aCN@bWUL |
| 905 | @aBZT@dF230@e2669@f1@sF230/2669 | |
| 920 | @a242010@z1 | |
| 920 | @a212010@z1 | |
| 920 | @a211180@z1 | |
| 920 | @a236010@z1 | |
| 920 | @a211070@z1 | |
| 920 | @a242020@z1 | |
| 920 | @a246010@z1 | |
| 920 | @a244290@z1 | |
| 会计管理学/孔祥祯主编.-武汉:武汉大学出版社,1986 |
| 607页:图;20cm |
| 高等学校文科教材 |
| ISBN 7-307-00035-0:CNY3.35 |
| ● |
| 相关链接 |
|
|
|
正题名:会计管理学
索取号:F230/2669
 
预约/预借
| 序号 | 登录号 | 条形码 | 馆藏地/架位号 | 状态 | 备注 |
| 1 | 2000106213 | 2000106213 | 旧书回溯/ [索取号:F230/2669] | 在馆 |